|
|
|
|
| LEADER |
00000nam0a2200000 4500 |
| 001 |
114560 |
| 005 |
20231101215211.0 |
| 010 |
|
|
|a 9785279028429
|
| 035 |
|
|
|a (RuTPU)RU\TPU\book\123886
|
| 035 |
|
|
|a RU\TPU\book\105294
|
| 090 |
|
|
|a 114560
|
| 100 |
|
|
|a 20070424d2007 m y0rusy50 ca
|
| 101 |
0 |
|
|a rus
|
| 102 |
|
|
|a RU
|
| 105 |
|
|
|a y j 001zy
|
| 200 |
1 |
|
|a Страхование. Современный курс
|e учебник
|f А. П. Архипов, В. Б. Гомелля, Д. С. Туленты
|g под ред. Е. В. Коломина
|
| 210 |
|
|
|a Москва
|c Финансы и статистика
|d 2007
|
| 215 |
|
|
|a 416 с.
|
| 320 |
|
|
|a Библиогр.: с. 399.
|
| 320 |
|
|
|a Словарь терминов: с. 400-415.
|
| 330 |
|
|
|a Рассматриваются теория и история страхования, правовые основы страховой деятельности, экономика и финансовые результаты страхования, основы актуарных расчетов, виды страхования (личное страхование, страхование имущества, страхование ответственности, страхование предпринимательских и финансовых рисков и др.). Дается обзор зарубежных страховых рынков. Текст дополнен историческими и статистическими материалами, выдержками из законодательства. Приводится словарь страховых терминов. Для студентов высших учебных заведений, обучающихся по специальностям «Финансы и кредит», «Бухгалтерский учет, анализ и аудит», «Мировая экономика», аспирантов и преподавателей, специалистов страховых компаний.
|
| 606 |
1 |
|
|a Социальное страхование
|2 stltpush
|3 (RuTPU)RU\TPU\subj\36963
|9 58152
|
| 610 |
1 |
|
|a экономика
|
| 610 |
1 |
|
|a страхование
|
| 610 |
1 |
|
|a социальное страхование
|
| 610 |
1 |
|
|a страховая деятельность
|
| 610 |
1 |
|
|a правовые основы
|
| 610 |
1 |
|
|a финансовые результаты
|
| 610 |
1 |
|
|a актуарные расчеты
|
| 610 |
1 |
|
|a личное страхование
|
| 610 |
1 |
|
|a имущество
|
| 610 |
1 |
|
|a имущественное страхование
|
| 610 |
1 |
|
|a страховая ответственность
|
| 610 |
1 |
|
|a финансовые риски
|
| 610 |
1 |
|
|a предпринимательские риски
|
| 610 |
1 |
|
|a перестрахование
|
| 610 |
1 |
|
|a страховые рынки
|
| 610 |
1 |
|
|a зарубежные страны
|
| 610 |
1 |
|
|a страховое дело
|
| 610 |
1 |
|
|a учебники
|
| 686 |
|
|
|a У9(2)271я73
|v LBC/SL-A
|2 rubbk
|
| 700 |
|
1 |
|a Архипов
|b А. П.
|g Александр Петрович
|
| 701 |
|
1 |
|a Гомелля
|b В. Б.
|g Владимир Борисович
|
| 701 |
|
1 |
|a Туленты
|b Д. С.
|g Дмитрий Сергеевич
|
| 702 |
|
1 |
|a Коломин
|b Е. В.
|4 340
|
| 801 |
|
1 |
|a RU
|b 63413507
|c 20060615
|g PSBO
|
| 801 |
|
2 |
|a RU
|b 63413507
|c 20220428
|g PSBO
|
| 900 |
|
|
|a Страховое дело
|
| 900 |
|
|
|a Финансы и кредиты
|
| 900 |
|
|
|a Бухгалтерский учет
|
| 900 |
|
|
|a Страхование в туризме
|
| 942 |
|
|
|c BK
|
| 951 |
|
|
|b 080105
|b 080109
|b 080102
|b 080100
|
| 959 |
|
|
|a 90/20061025
|d 1
|e 160,00
|f АНЛ:1
|